Fairy tales of Eastern Europe

Bibliographic Details
Main Author: Philip, Neil
Format: Book
Published: England : Liber Press , 1991
Subjects:

MARC

LEADER 00000cam a2200000 7i4500
001 0000002544
002 000002770
005 .0
020 |a 1857340000 
090 0 0 |a J 398.2   |b FAI 
100 1 |a Philip, Neil 
245 1 0 |a Fairy tales of Eastern Europe   |c Neil Philip ; illustrated by Larry Wilkes 
260 |a England :   |b Liber Press ,   |c 1991 
300 |a 157p. :   |b ill. ;   |c 26cm. 
650 0 0 |a Fairy tales 
999 |a 036257   |b BUKU   |c PINJAMAN   |e PERPUSTAKAAN KOMUNITI PETALING JAYA